Statistics for Countries in Danish

Click here to take the quiz!

General Stats

  • This quiz has been taken 29 times
  • The average score is 18 of 20

Answer Stats

DanishEnglish% Correct
NorgeNorway
100%
RuslandRussia
100%
TyrkietTurkey
100%
FrankrigFrance
96%
SverigeSweden
96%
StorbritannienUnited Kingdom
96%
Forenede StaterUnited States
96%
ØstrigAustria
92%
KinaChina
92%
GrækenlandGreece
92%
LitauenLithuania
92%
ÆkvatorialguineaEquatorial Guinea
88%
TysklandGermany
88%
LetlandLatvia
88%
SchweizSwitzerland
88%
EstlandEstonia
85%
UngarnHungary
85%
HvideruslandBelarus
81%
TjekkietCzechia
65%
ElfenbenskystenIvory Coast
58%

Score Distribution

Percentile by Number Answered

Percent of People with Each Score

Your Score History

You have not taken this quiz